Größte Orte in Sachsen-Anhalt A-Z - Statistiken

Allgemein
  • Dieses Quiz wurde 49 mal gespielt
  • Das Durchschnittsergebnis liegt bei 13 aus 24
Antwortstatistiken
Landkreis Einwohnerzahl Ort % Korrekt
D kreisfrei 79.686 Dessau-Roßlau
98%
M kreisfrei 240.114 Magdeburg
98%
H kreisfrei 242.172 Halle (Saale)
95%
Q Harz 23.277 Quedlinburg
93%
W keine Hinweise, das wäre sonst zu einfach 45.588 Wittenberg
81%
B keine Hinweise, das wäre sonst zu einfach 37.850 Bitterfeld-Wolfen
77%
S keine Hinweise, das wäre sonst zu einfach 38.946 Stendal
72%
A Salzland 26.416 Aschersleben
67%
K Anhalt-Bitterfeld 24.974 Köthen (Anhalt)
65%
N Burgenland 32.336 Naumburg (Saale)
65%
O Börde 19.885 Oschersleben (Bode)
65%
E Mansfeld-Südharz 22.609 Eisleben
58%
Z Burgenland 28.345 Zeitz
56%
T Harz 16.721 Thale
53%
J Wittenberg 13.966 Jessen (Elster)
51%
C Wittenberg 11.468 Coswig (Anhalt)
49%
G Altmarkkreis Salzwedel 21.926 Gardelegen
42%
I Harz 9.435 Ilsenburg (Harz)
37%
L Saale 15.088 Landsberg
19%
F Harz 5.104 Falkenstein/Harz
16%
R Anhalt-Bitterfeld 8.782 Raguhn-Jeßnitz
7%
U Börde 942 Ummendorf
5%
V Börde 1.214 Völpke
5%
P Saale 9.267 Petersberg
2%
Keine übereinstimmenden Quizze gefunden
Verteilung der Resultate
Anzahl Personen mit jedem Resultat
Perzentil nach korrekt beantworteten Fragen
Ihre Resultats-Entwicklung
Sie haben dieses Quiz noch nicht gespielt